000 01328cam a22003134a 4500
001 13748409
005 20220224091735.0
008 041012s2005 nyua b 001 0 eng
010 _a 2004062042
020 _a0807745375 (cloth : alk. paper)
020 _a0807745367 (pbk. : alk. paper)
040 _aDLC
_cDLC
_dDLC
042 _apcc
043 _an-us---
050 0 0 _aLC3731.G35 2005
100 1 _aGarcĂ­a, Eugene E.,
_d1946-
245 1 0 _aTeaching and learning in two languages :
_bbilingualism & schooling in the United States /
_cEugene E. Garcia.
260 _aNew York :
_bTeachers College Press,
_cc2005.
300 _axv, 199 p. :
_bill. ;
_c23 cm.
490 1 _aMulticultural education series
504 _aIncludes bibliographical references (p. 171-186) and index.
650 0 _aEducation, Bilingual
_zUnited States.
650 0 _aEnglish language
_xStudy and teaching
_zUnited States
_xForeign speakers.
650 0 _aLimited English proficient students
_zUnited States.
830 0 _aMulticultural education series (New York, N.Y.)
906 _a7
_bcbc
_corignew
_d1
_eocip
_f20
_gy-gencatlg
942 _2lcc
_cBOOKS
_hLC3731.G35 2005
999 _c31163
_d31163